1938 1688 1667 1575 1056 1352 1943 1857 1305 1280 1473 1896 1771 1843 1816 1358 1482 1077 1704 1881 1859 1158 1350 1576 1170 1487 1037 1749 1707 1145 1921 1276 1550 1553 1006 1013 1667 1666 1187 1672 1097 1001 1541 1943 1341 1771 1592 1666 1401 1395 1651 1272 1581 1334 1180 1125 1164 1413 1877 1954 1444 1480 1772 1177 1363 1581 1981 1332 1792 1329 1672 1250 1581 1541 1018 1676 1219 1498 1302 1164 1247 1681 1599 1789 1679 1362 1572 1185 1275 1611 1220 1756 1444 1430 1929 1411 1339 1403 1104 BCNSPRNW ULIB Ver.6.0+V

เปลี่ยนเป็นภาษาไทย

Change to English
 แสดงรายละเอียดบรรณานุกรม
  กลับหน้าหลัก

Brief Record : Get Marc (ISO 2709) : E-mail record : QR code < ปิดหน้าต่าง
LEADER : 00000nam 2200000uu 4500
001    13399113965
003     ULIB
008    120118s2552||||th 000 0 tha d
020    ^a9789742129026
090    ^aนว.^bอ463ล
100 0  ^aJane Austen
245 00 ^aPride and Prejudice/^cJane Austen
250    ^aพิมพ์ครั้งที่ 1
260    ^aกรุงเทพฯ :^bพิมพ์คำ,^c2552
300    ^a144 หน้า
710 1  ^aซีเอ็ดยูเคชั่น จำกัด
945    ^p125^l0^i18667
995    ^aกัณชพร
999    ^aใช้งานได้ทุกระบบ
รายการนี้ยังไม่มีแท็ก
คุณยังไม่ได้ล็อกอิน คุณสามารถมีกิจกรรมร่วมกับเว็บไซต์ได้ แต่ต้องล็อกอินก่อน ::
  ล็อกอิน

รายการสื่อสารสนเทศ

ลำดับที่ ประเภท เลขเรียก/บาร์โค้ด สถานที่ สถานะ
1. นวนิยาย
นวนิยาย
นว. อ463ล  
  Barcode: 18667
ห้องสมุดวิทยาเขตสวรรค์ประชารักษ์
►นวนิยาย
บนชั้น
  ขอยืม

BibComment


ยังไม่เคยถูกคอมเมนท์

คอมเมนท์ทรัพยากรรายการนี้
  คอมเมนท์: Pride and Prejud..


 Copyright 2026. Bcnsprnw @Library